| 000 | 01741nam a2200337 c 4500 | ||
|---|---|---|---|
| 003 | BLK | ||
| 005 | 20180422114434.0 | ||
| 008 | 180411b bul|||||r ||||||| ||bul|| | ||
| 010 | _aKNG00179390000 | ||
| 040 | _aBLK | ||
| 041 |
_aBUL _cBUL |
||
| 080 |
_aКласическа гръцка литература. Старогръцка литература _b821.142 _x-1 _z821.142-1 |
||
| 100 | 1 |
_aОмир _eпърви автор _9104719 |
|
| 700 | 1 |
_aБогданов, Богдан _eсъстав. и бел. _9365783 |
|
| 700 | 1 |
_aМилев, Александър _eпрев. от старогр. _gИванов, Александър Милев _9365434 |
|
| 700 | 1 |
_aМилев, Александър _eс предг. от _gИванов, Александър Милев _9365434 |
|
| 139 |
_aОмир _bО 56 |
||
| 245 | 1 | 0 |
_aИлиада _bИзбрани откъси _cОмир; състав. и бел. Богдан Богданов; прев. от старогр. Александър Милев; с предг. от Александър Милев. |
| 245 | 1 | 0 |
_aОдисея _b _c |
| 257 | _aDRG | ||
| 260 |
_аСофия _bОтечество _c1985 |
||
| 300 |
_a149 с. _c21 см |
||
| 380 | _aX | ||
| 490 | 1 | _aБиблиотека за ученика | |
| 500 | _aДруги прев.: Бл. Димитрова, Г. Батаклиев.-Съдържа и Омир и Омировия въпрос / Александър Милев ; Омировият въпрос - сюжет, герои и стил / Богдан Богданов.-Азб. показалец | ||
| 852 | _aЦб 139867 | ||
| 856 | 4 |
_qpdf _u |
|
| 856 | 4 |
_qpdf _u |
|
| 942 |
_cKNG _n0 |
||
| 944 |
_aCR _c10.08.2015 _kХристина_Везирева |
||
| 944 |
_aED _c10.08.2015 _kХристина_Везирева |
||
| 999 |
_c171142 _d171142 |
||